Statistics for Airlines Serving the Airports of United States

Click here to take the quiz!

General Stats

  • This quiz has been taken 338 times
  • The average score is 75 of 193

Answer Stats

AirportsAirlines% Correct
ABQ | ALB | ANC | ATL | AUS | BDL | BHM | BNA | BOI | BOS | BTV | BUF | BUR | BWI | BZN | CAE | CHS | CLE | CLT | CMH | COS | CVG | DAB | DCA | DEN | DFW | DSM | DTW | EGE | ELP | EWR | EYW | FAR | FAT | FCA | FLL | GEG | GRR | GSO | GSP | GUC | HDN | HNL | IAD | IAH | ICT | ILM | IND | JAC | JAX | JFK | KOA | LAS | LAX | LBB | LGA | LIH | LIT | MAF | MCI | MCO | MDT | MEM | MFE | MHT | MIA | MKE | MLB | MSN | MSP | MSY | MTJ | MYR | OGG | OKC | OMA | ONT | ORD | ORF | PBI | PDX | PHF | PHL | PHX | PIT | PNS | PSP | PVD | PWM | RDU | RIC | RNO | ROC | RSW | SAN | SAT | SAV | SBA | SDC | SEA | SFO | SJC | SJU | SLC | SMF | SNA | STL | STT | STX | SYR | TPA | TUL | TUS | VPS | XNAAmerican Airlines
96%
ABE | ABI | ABQ | ACK | ACT | AEX | AGS | ALB | ALO | AMA | ART | ASE | ATL | ATW | AUS | AVL | AVP | AZO | BDL | BFL | BGR | BHM | BIL | BIS | BMI | BNA | BOI | BOS | BPT | BRO | BTR | BTV | BUF | BUR | BWI | BZN | CAE | CAK | CHA | CHO | CHS | CID | CLE | CLL | CLT | CMH | CMI | COS | COU | CRP | CRW | CVG | CWA | CYS | DAB | DAY | DBQ | DCA | DEN | DFW | DRO | DRT | DSM | DTW | ECP | EGE | ELP | ERI | EUG | EVV | EWN | EWR | EYW | FAR | FAT | FAY | FCA | FLG | FLO | FNT | FSD | FSM | FWA | GCK | GGG | GJT | GNV | GPT | GRB | GRI | GRK | GRR | GSO | GSP | HDN | HHH | HOU | HPN | HRL | HSV | HTS | HVN | IAD | IAH | ICT | ILM | IND | IPT | ISP | ITH | JAC | JAN | JAX | JFK | JLN | LAN | LAX | LAW | LBB | LCH | LEX | LFT | LGA | LGB | LIT | LRD | LSE | LYH | MAF | MCI | MDT | MEM | MFE | MGM | MHK | MHT | MIA | MKE | MLB | MLI | MLU | MOB | MQT | MRF | MRY | MSN | MSO | MSP | MSY | MVY | MYR | OAJ | OKC | OMA | ONT | ORD | ORF | PBI | PDX | PGV | PHL | PHX | PIA | PIT | PNS | PSP | PVD | PWM | RAP | RDM | RDU | RIC | RNO | ROA | ROC | ROW | RST | RSW | SAF | SAN | SAT | SAV | SBA | SBN | SBP | SBY | SCE | SDF | SEA | SFO | SGF | SGU | SHV | SJC | SJT | SLC | SMF | SPI | SPS | SRQ | STL | STS | SUX | SWF | SWO | SYR | TLH | TOL | TPA | TRI | TUL | TUS | TVC | TXK | TYR | TYS | VPS | XNA | YUMAmerican Eagle
96%
ABQ | AGS | ALB | ANC | ATL | ATW | AUS | AVL | BDL | BHM | BIL | BIS | BNA | BOI | BOS | BTV | BUF | BUR | BWI | BZN | CAE | CHA | CHO | CHS | CID | CLE | CLT | CMH | COS | CRW | CVG | DAB | DAL | DAY | DCA | DEN | DFW | DLH | DSM | DTW | ECP | EGE | ELP | EWR | EYW | FAI | FAR | FAY | FCA | FLL | FSD | GEG | GNV | GPT | GRB | GRR | GSO | GSP | HDN | HNL | HOU | HPN | HSV | IAD | IAH | ICT | ILM | IND | JAC | JAN | JAX | JFK | JNU | KOA | LAS | LAX | LEX | LFT | LGA | LGB | LIH | LIT | MCI | MCO | MDT | MDW | MEM | MHT | MIA | MKE | MLB | MOB | MTJ | MSN | MSO | MSP | MSY | MYR | OAK | OKC | OMA | ONT | OOG | ORD | ORF | PBI | PDX | PHF | PHL | PHX | PIT | PNS | PSP | PVD | PWM | RAP | RDU | RIC | RNO | ROA | ROC | RSW | SAN | SAT | SAV | SDF | SEA | SFO | SJC | SJU | SLC | SMF | SNA | SRQ | STL | STT | STX | SYR | TLH | TPA | TRI | TUL | TUS | TVC | TYS | VPS | XNADelta Air Lines
94%
ABE | ABQ | ABR | ABY | ACK | AEX | AGS | ALB | APN | ASE | ATL | ATW | AUS | AVL | AZO | BDL | BGM | BHM | BIL | BIS | BJI | BMI | BNA | BOI | BOS | BQK | BRD | BTM | BTR | BTV | BUF | BUR | BWI | BZN | CAE | CDC | CHA | CHO | CHS | CID | CIU | CLE | CLT | CMH | COD | COS | CPR | CRW | CSG | CVG | CWA | DAY | DCA | DFW | DHN | DLH | DSM | DTW | EGE | EKO | ELM | ESC | EUG | EVV | EWR | EYW | FAR | FAT | FAY | FCA | FSD | FWA | GEG | GFK | GJT | GNV | GPT | GRB | GRR | GSO | GSP | GTF | GTR | HHH | HIB | HLN | HPN | HRL | HSV | IAD | IAH | ICT | IDA | ILM | IMT | IND | INL | ITH | JAC | JAN | JAX | JFK | KTN | LAN | LAS | LAX | LEX | LFT | LGA | LGB | LIT | LNK | LSE | LWS | MBS | MCI | MCO | MDT | MDW | MEM | MGM | MHT | MIA | MKE | MLI | MLU | MOB | MOT | MQT | MRF | MSN | MSO | MSP | MVY | MYR | OAJ | OAK | OKC | OMA | ONT | ORD | ORF | ORH | PDX | PHL | PHX | PIA | PIH | PIT | PLN | PSC | PSP | PVD | PWM | RAP | RDM | RDU | RHI | RIC | RNO | ROA | ROC | RST | RSW | SAN | SAT | SAV | SBN | SCE | SDF | SEA | SGF | SGU | SHV | SIT | SJC | SLC | SMF | SNA | SRQ | STL | SUN | SWF | SYR | TLH | TPA | TRI | TUL | TUS | TVC | TWF | TYS | VLD | VPS | XNA | WYSDelta Connection
94%
ABQ | ALB | ANC | ATL | AUS | BDL | BIL | BNA | BOI | BOS | BQN | BTV | BUF | BUR | BWI | BZN | CHS | CID | CLE | CMH | COS | CVG | DCA | DEN | DFW | DLH | DSM | DTW | EGE | EUG | EWR | FAI | FAT | FCA | FLL | FSD | GEG | GRR | GUC | GUM | HDN | HNL | IAD | IAH | ICT | IND | ITO | JAC | JAX | KOA | LAS | LAX | LGA | LIH | MAF | MCI | MCO | MDT | MEM | MFE | MIA | MKE | MRF | MSN | MSO | MSP | MSY | MTJ | MYR | OKC | OMA | ONT | OOG | ORD | ORF | PBI | PDX | PHL | PHX | PIT | PNS | PSP | PWM | RAP | RDM | RDU | RIC | RNO | ROC | RSW | SAN | SAT | SAV | SBA | SEA | SFO | SJC | SJU | SLC | SMF | SNA | SPN | SRQ | STL | STT \ SYR | TPA | TUL | TUS | TVCUnited Airlines
94%
ABQ | ACK | ACV | AEX | ALB | AMA | ASE | ATL | ATW | ATY | AUS | AVL | AVP | AZO | BDL | BFF | BFL | BGR | BHM | BIL | BIS | BNA | BOI | BOS | BRO | BTR | BTV | BUF | BUR | BZN | CAE | CAK | CGI | CHA | CHO | CHS | CID | CKB | CLE | CLL | CLT | CMH | CMX | CNY | COD | COS | COU | CPR | CRP | CRW | CVG | CWA | DAY | DCA | DDC | DEC | DEN | DFW | DIK | DLH | DRO | DSM | DTW | DVL | EAR | EAU | ECP | EGE | ELP | ERI | EUG | EVV | EWR | EYW | FAR | FAT | FCA | FLV | FNT | FSD | FWA | GCC | GEG | GJT | GPT | GRB | GRK | GRR | GSO | GSP | GTF | GUC | HDN | HHH | HLN | HOB | HPN | HRL | HSV | HYS | IAD | IAH | ICT | IDA | ILM | IND | ITH | JAC | JAN | JAX | JMS | LAN | LAR | LAS | LAX | LBB | LBF | LBL | LCH | LEX | LFT | LGA | LIT | LNK | LRD | LWB | MAF | MBS | MCI | MCO | MDT | MEI | MEM | MFE | MHT | MIA | MKE | MKG | MLI | MLU | MMH | MOB | MOT | MRF | MRY | MSN | MSO | MSP | MSY | MYR | OGS | OKC | OMA | ONT | ORD | ORF | OTH | PAH | PBG | PBI | PDX | PHL | PHX | PIA | PIB | PIR | PIT | PNS | PQI | PRC | PSC | PSP | PUB | PVD | PWM | RAP | RDD | RDM | RDU | RIC | RIW | RKS | RNO | ROA | ROC | RST | RSW | SAF | SAN | SAT | SAV | SBA | SBN | SBP | SCE | SCK | SDF | SEA | SFO | SGF | SGU | SHD | SHR | SHV | SJC | SLC | SLN | SMF | SMX | SNA | SPI | SRQ | STL | STS | SUN | SYR | TPA | TUL | TUS | TVC | TYS | VEL | VPS | XNA | XWAUnited Express
94%
ABQ | ALB | AMA | ATL | AUS | AVP | BDL | BHM | BNA | BOI | BOS | BUF | BUR | BWI | CHS | CLE | CLT | CMH | CRP | CVG | DAL | DCA | DEN | DSM | DTW | ECP | ELP | FLL | GEG | GRR | GSP | HNL | HOU | HRL | IAD | ICT | IND | ISP | ITO | JAX | KOA | LAS | LAX | LBB | LGA | LGB | LIH | LIT | MAF | MCI | MCO | MDW | MEM | MHT | MKE | MSP | MSY | OAK | OKC | OMA | ONT | OOG | ORF | PBI | PDX | PHL | PHX | PIT | PNS | PVD | PWM | RDU | RIC | RNO | ROC | RSW | SAN | SAT | SDF | SEA | SFO | SJC | SJU | SLC | SMF | SNA | STL | TPA | TUL | TUSSouthwest Airlines
89%
ABQ | ADK | ADQ | AKN | ALW | ANC | ATL | AUS | BET | BIL | BLI | BNA | BOI | BOS | BRW | BUR | BWI | BZN | CDB | CDV | CMH | CHS | CVG | DAL | DCA | DEN | DFW | DLG | DTW | EAT | ELP | EUG | EWR | FAI | FAT | FCA | FLL | GEG | GST | GTF | HDN | HLN | HNL | IAD | IAH | ICT | IND | JFK | JNU | KOA | KTN | LAS | LAX | LIH | MCI | MCO | MFR | MKE | MRY | MSO | MSP | MSY | OAK | OGG | OKC | OMA | OME | ONT | ORD | OTZ | PDX | PHL | PHX | PIT | PSC | PSG | PSP | PUW | RDM | RDU | RNO | RSW | SAN | SAT | SBA | SBP | SCC | SEA | SFO | SIT | SJC | SLC | SMF | SNA | STL | STS | SUN | TPA | TUS | WRG | YAK | YKMAlaska Airlines
88%
MRI | TEKAlaska Air Transit
88%
AGN | ELV | EXI | HNH | JNU | KAE | PEC | SGY | TKEAlaska Seaplanes
88%
ANC | GKNReeve Air Alaska
88%
ANC | BOS | DEN | EWR | HNL | IAH | LAS | LAX | LGA | OGG | PHX | PSP | SEA | SFO | SJC | SJU | SNAAir Canada
86%
ATL | AUS | BDL | BNA | BOS | BWI | CLE | CLT | CMH | CVG | DCA | DEN | DFW | DTW | EWR | IAD | IAH | IND | LGA | MCI | MEM | MKE | MSP | MSY | ORD | PDX | PHL | PHX | PIT | PVD | RDU | SAN | SAV | SEA | SFO | SJC | SMF | STLAir Canada Express
86%
FLL | KOA | MCO | MIA | PBI | PDX | PHX | PSP | RSW | SAN | SRQ | TPAAir Canada Rouge
86%
EWR | IAD | IAH | JFK | LAX | SFOAir China
86%
ATL | AUS | BNA | BOS | BWI | CHS | DEN | DFW | EWR | IAD | IAH | JFK | LAS | LAX | MCO | MIA | MSY | ORD | PDX | PHL | PHX | PIT | SAN | SEA | SFO | SJC | TPABritish Airways
85%
BOS | HNL | ITO | KOA | JFK | JHM | LAS | LAX | LGB | LIH | LNY | MKK | OAK | OGG | PDX | PHX | PPG | SAN | SEA | SFO | SJC | SMFHawaiian Airlines
83%
ATL | BOS | DFW | DTW | IAD | IAH | JFK | LAX | MIA | MSP | ORD | SEA | SFOAir France
82%
DFW | HNL | JFK | LAX | ORD | SFOQantas
82%
GUM | HNL | JFK | LAX | ONT | SFOChina Airlines
80%
BOS | DFW | EWR | FLL | IAD | IAH | JFK | LAX | MCO | ORD | SEA | SFOEmirates
80%
BOS | DFW | GUM | HNL | JFK | KOA | LAX | ORD | SAN | SEA | SFOJapan Airlines
80%
ATL | AUS | BOS | CLT | DEN | DFW | DTW | EWR | IAD | IAH | JFK | LAX | MCO | MIA | ORD | PHL | SAN | SEA | SFO | TPALufthansa
79%
BOS | IAD | JFK | LAX | MIA | ORD | SFO | SJUIberia
78%
ABQ | ACK | ALB | ATL | AUS | BDL | BNA | BOS | BQN | BTV | BUF | BUR | BWI | BZN | CHS | CLE | CLT | DCA | DEN | DFW | DTW | EWR | FLL | HDN | HPN | HYA | IAH | JAX | JFK | LAS | LAX | LGA | LGB | MCO | MSP | MSY | MVY | ONT | ORD | ORH | PBI | PDX | PHL | PHX | PIT | PSE | PSP | PVD | PWM | RDU | RIC | RNO | ROC | RSW | SAN | SAV | SEA | SFO | SJC | SJU | SLC | SMF | SRQ | STT | SWF | SYR | TPAJetBlue
77%
IAD | JFK | LAX | MIAAeroflot
76%
DEN | FAT | JFK | LAS | LAX | MCO | MIA | ORD | SEA | SFO | SMFAeroméxico
76%
AUS | DFW | DTW | IAH | JFK | LAS | LAX | MCO | SAT | SLCAeroméxico Connect
76%
ATL | AUS | BOS | IAD | IAH | JFK | LAS | LAX | MIA | MSP | ORD | SFO | SLCKLM
76%
ACY | ATL | AUS | AVL | BDL | BNA | BOS | BQN | BUR | BWI | CAK | CLE | CLT | CMH | CRW | DEN | DFW | DTW | EWR | FLL | GSO | IAG | IAH | IND | JAX | LAS | LAX | LBE | LGA | MCI | MCO | MSP | MSY | MYR | OAK | ORD | PBG | PBI | PDX | PHL | PHX | PIT | RDU | RIC | RSW | SAN | SEA | SJU | SMF | STT | STX | TPASpirit Airlines
76%
BDL | BOS | EWR | IAD | JFK | LAX | MCO | MIA | ORD | PHL | SEA | SFOAer Lingus
75%
HNL | IAD | IAH | JFK | LAX | ORD | SEA | SFO | SJCAll Nippon Airways
75%
EWR | IAH | JFK | LAX | SEA | SFOSingapore Airlines
74%
HNL | IAH | LAX | ORD | SFOAir New Zealand
73%
ABQ | ALB | ATL | AUS | BDL | BIL | BIS | BKG | BMI | BNA | BOI | BOS | BTV | BUF | BWI | BZN | CHS | CID | CLE | CLT | CMH | COS | CVG | DCA | DEN | DFW | DSM | DTW | ELP | EWR | FAR | FAT | FLL | FSD | GEG | GRB | GRR | GSP | HRL | HSV | IAD | IAH | ICT | ILG | IND | ISP | JAC | JAN | JAX | LAS | LAX | LGA | LIT | MCI | MCO | MDT | MEM | MIA | MKE | MSN | MSO | MSP | MSY | MYR | OKC | OMA | ONT | ORD | ORF | PBI | PDX | PHL | PHX | PIT | PNS | PSP | PVD | PWM | RDU | RNO | RSW | SAN | SAT | SAV | SBA | SDF | SEA | SFO | SJC | SJU | SLC | SMF | SNA | SRQ | STL | SYR | TPA | TTN | TUL | TUS | TYS | XNAFrontier Airlines
72%
ATL | BOS | DFW | IAD | IAH | JFK | LAX | MIA | ORD | PHLQatar Airways
72%
BOS | EWR | JFK | LAX | MIA | ORD | SFOSwiss
72%
ATL | BOS | EWR | IAD | IAH | JFK | LAX | MIA | ORD | SFOTurkish Airlines
72%
EWR | IAD | JFK | ORD | SFOAir India
71%
BOS | IAD | JFK | LAX | MIA | ORD | SFOAlitalia
71%
JFK | LAX | SFOChina Southern Airlines
71%
ATL | BOS | DFW | GUM | HNL | IAD | JFK | LAS | LAX | ORD | SEA | SFOKorean Air
71%
BOS | JFK | MCO | MIALATAM Brasil
70%
JFK | LAX | MIALATAM Chile
70%
JFKLATAM Ecuador
70%
LAX | MCO | MIALATAM Perú
70%
BOS | EWR | IAD | LAX | MIA | ORD | SFOSAS
69%
BOS | EWR | IAD | JFK | MIA | ORD | SFOTAP Portugal
69%
JFK | LAX | ORD | SFO | SPNChina Eastern Airlines
68%
IAD | JFK | LAX | ORDEtihad Airways
68%
EWR | IAD | JFK | LAX | MIA | ORD | SFOLOT
68%
ATL | BOS | IAD | JFK | LAS | LAX | MCO | MIA | SFOVirgin Atlantic
68%
LAX | SEAVirgin Australia
68%
IAD | IAH | JFK | ORDEthiopian Airlines
67%
IAD | JFKSouth African Airways
65%
ATL | AUS | AZA | BNA | BOS | DEN | FLL | HNL | IAH | JFK | KOA | LAS | LAX | LGA | LIH | MCO | MIA | OOG | PHX | PSP | RSW | SAN | SFO | SJU | SNA | TPAWestJet
65%
BNA | BOS | MYR | PDXWestJet Encore
65%
ANC | BOS | DEN | EWR | IAD | JFK | MCO | MSP | ORD | PDX | PHL | SEAIcelandair
63%
EWR | IAD | JFK | LAX | ORDAustrian Airlines
62%
FLL | IAD | JFK | LAX | MCO | MIA | SJUAvianca
62%
DFW | EWR | IAD | IAH | JFK | LAX | MIA | SFOAvianca El Salvador
62%
IAD | JFKEgyptAir
62%
BOS | EWR | JFK | LAX | MIA | ORD | SFOEl Al
62%
JFK | LAX | MIA | ORD | SFOFinnair
62%
BOS | EWR | IAD | JFK | LAX | ORD | SEA | SFOCathay Pacific
61%
AUS | BOS | DEN | FLL | JFK | LAX | MCO | MIA | ORD | SEA | SFO | TPANorwegian
61%
IAD | JFK | LAXSaudia
60%
ABE | ABQ | ALB | ANC | ATW | AUS | AVL | AZA | BGR | BIL | BIS | BLI | BLV | BMI | BNA | BOI | BOS | BWI | BZN | CHA | CHS | CID | CKB | CLE | CVG | DAY | DEN | DSM | ELM | ELP | EUG | EVV | EWR | FAR | FAT | FCA | FLL | FNT | FSD | FWA | GFK | GJT | GPT | GRI | GRR | GSO | GSP | GTF | HGR | HOU | HTS | IAG | ICT | IDA | IND | JAX | LAS | LAX | LCK | LEX | LIT | LRD | MCI | MDT | MDW | MEM | MFE | MFR | MLI | MOT | MRY | MSO | MSY | MTJ | MYR | OAK | OGD | OGS | OKC | OMA | ORF | OWB | PBG | PBI | PGD | PIA | PIE | PIT | PSC | PSM | PSP | PVD | PVU | RAP | RDM | RDU | RFD | RIC | RNO | ROA | ROC | SAN | SAT | SAV | SBN | SCE | SCK | SDF | SFB | SGF | SHV | SJU | SMX | SPI | SRQ | STC | SWF | SYR | TOL | TRI | TUL | TUS | TVC | TYS | USA | VPS | XNAAllegiant Air
59%
GUM | HNL | JFK | LAX | SFOPhilippine Airlines
57%
HNL | JFK | LAX | SEA | SFO | SPNAsiana Airlines
56%
IAD | JFKBrussels Airlines
55%
BOS | DEN | FLL | IAD | JFK | LAS | LAX | MCO | MIA | MSY | ORD | SFO | SJU | TPACopa Airlines
54%
BOS | IAD | JFK | MIARoyal Air Maroc
54%
DTW | JFK | ORDRoyal Jordanian
53%
IAH | JFK | LAX | ORD | SEA | SFOEVA Air
52%
JFKKenya Airways
51%
JFK | MIAAerolíneas Argentinas
48%
FLL | JFK | MCO | MIACaribbean Airlines
48%
HNL | LAX | SFOFiji Airways
47%
CLT | DEN | DFW | FAT | IAH | JFK | LAS | LAX | MCO | MDW | MIA | OAK | ONT | ORD | PDX | PHX | RNO | SAT | SEA | SJC | SMFVolaris
46%
IAD | JFK | LAXVolaris Costa Rica
46%
JFKAir Serbia
44%
LAXAir Tahiti Nui
44%
ANC | AUS | BNA | BOS | BWI | BZN | DEN | DFW | EWR | GPT | HNL | HRL | IAD | LAS | LAX | MCN | MCO | MIA | MKG | MSN | MSP | MSY | MYR | ORD | PDX | PHL | PHX | PSP | PVD | PWM | RDM | RSW | SAN | SAT | SAV | SEA | SFO | SJU | SMF | SRQ | STL | STT | TPA | TUSSun Country Airlines
43%
JFK | LAXXiamenAir
42%
BOS | JFK | LAX | ORD | SEA | SJCHainan Airlines
41%
JFKKuwait Airways
41%
FLL | MCOAzul Brazilian Airlines
40%
JFKUkraine International Airlines
39%
JFKUzbekistan Airways
38%
JFK | MIAAir Europa
36%
ANC | BWI | FAI | LAS | MSP | MSY | PDX | PHX | PIT | SEA | SJUCondor
36%
FLL | MCO | MIA | PBIBahamasair
35%
FLL | MCO | MSY | SAN | SJUAir Transat
34%
ACK | AUG | BHB | BIL | BNA | BOS | CPX | EWB | GDV | GGW | HPN | HTO | HVN | HVR | HYA | IRK | JFK | LEB | MAZ | MVY | MWA | NYS | OLF | ORD | OWB | PVC | PWM | RKD | RUT | SDY | SJU | SLK | STL | STT | STX | UIN | VQSCape Air
34%
MCO | MIAGOL
34%
BUF | EWR | IAH | JFK | LAS | LAX | MCO | ORD | SATVivaAerobús
34%
ANI | ANV | HCR | KLG | OME | RSHRyan Air
32%
JFK | LAS | MIA | PHX | RSWEurowings
31%
SFBTUI
31%
MIATUI Belgium
31%
MIA | SFBTUI Netherlands
31%
HNLAirAsia X
29%
JFKAZAL Azerbaijan
29%
MIABoliviana de Aviación
29%
SPNHK Express
29%
BOS | EWR | IAD | MDW | MYRPorter Airlines
26%
LAXSichuan Airlines
26%
DEN | JFK | MIA | TPACayman Airways
25%
JFK | MIAEastern Airlines
25%
BHB | BOS | EYW | FLL | HSV | MCO | PBI | PNS | SJU | STT | TLH | TPA | VPSSilver Airways
25%
BOSAzores Airlines
24%
DEN | LAS | MCO | SAN | TPAEdelweiss
24%
HNLJetstar Airways
24%
BOS | EWR | JFK | MIA | SFOLevel
24%
EWR | SFOFrench Bee
21%
PPGInter Island Airways
21%
DAB | FLL | MCO | MIA | PIESunwing Airlines
21%
MIA | SFBSurinam Airways
21%
DFW | IAH | JFK | LAS | LAX | MCO | MIA | ORD | SAT | SFOInterjet
18%
ACK | AOO | BFD | BNA | BWI | DFW | DUJ | ELD | EYW | HRO | HVN | HYA | LNS | MEM | MGW | NYS | PBI | PIT | PVD | TPASouthern Airways Express
18%
SPNBeijing Capital Airlines
17%
GUM | SPNJeju Air
16%
AZA | FLL | LAS | MCO | TPASwoop
16%
ABQ | ALS | ATL | BOS | BWI | CDR | CEZ | CNM | DEN | DFW | GLH | IAH | IWD | JST | LAX | MCK | MSL | MSP | MSS | ORD | PDT | PDX | PHX | PIT | SMF | TEX | VCTBoutique Air
15%
MIACorsair International
15%
EWRLa Compagnie
15%
HNL | HNM | IPL | JHM | KOA | LAX | LNY | LUP | MKK | MUE | OGGMokulele Airlines
15%
PPGSamoa Airways
15%
GUMAir Busan
14%
BOS | IADCabo Verde Airlines
14%
GUM | HNLJin Air
14%
SFBWamos Air
14%
HNLZIPAIR Tokyo
14%
FAIAir North
12%
AIA | CVN | DEN | GJT | MSP | TEX | TVFDenver Air Connection
12%
EWRJet2
12%
BFI | BUR | DAL | HPN | LAS | MRY | OAK | PHX | SNAJSX
12%
MFEAeromar
11%
GUMAir Seoul
11%
AVL | EWR | PWM | VRBElite Airways
11%
GUM | SPNT'way Air
11%
ABQ | HHR | PHX | SVCAdvanced Air
10%
BKW | BNA | BWI | CEC | CLT | IND | MCN | OAK | PGA | PHX | PIT | PKB | PSP | SBP | SMF | STL | TBN | TUPContour Airlines
9%
SPNSkymark Airlines
8%
MIAViva Air Colombia
8%
ANCYakutia Airlines
8%
SJUAir Antilles
7%
AKB | AKN | ANC | AUK | BET | CDB | CLP | CYF | DLG | DUT | EEK | EGX | EMK | ENA | IKO | KCL | KCQ | KEK | KFP | KQA | NLG | PBV | PML | SNP | VAK | WKKGrant Aviation
7%
MCD | PLNGreat Lakes Air
7%
NRRIsla Nena Air
7%
OGGOmni Air International
7%
CGA | HYL | KTB | MTM | WFBPacific Airways
7%
GUM | ROP | SPN | TIQStar Marianas Air
7%
ATL | BRL | FOD | IWD | JBR | MCW | MKL | MSP | ORD | STLAir Choice One
6%
MIAAruba Airlines
6%
ABL | BKC | DIO | DRG | ELI | GAM | GLV | IAN | KTS | KVL | PHO | OBU | OME | ORV | OTZ | SHG | SKK | SMK | SVA | TLA | UNK | WAA | WLK | WMO | WTKBering Air
6%
FLLIBC Airways
6%
ADQ | AKK | ALZ | AOS | JNU | KKB | KLN | KLW | KMY | KOY | KOZ | KPR | KPY | KTN | KYK | KWP | OLH | ORI | UGIIsland Air Express
6%
6Y8 | CVX | MCDIsland Airways
6%
BID | WSTNew England Airlines
6%
AUS | CLD | DAL | HHR | TSMTaos Air
6%
CKX | CZN | DJN | EAA | FAI | ORT | TKJ40-Mile Air
5%
EAA | FAIEverts Air
5%
BLD | GCN | PGAGrand Canyon Airlines
5%
SJUAir Century
4%
SJU | STT | STX | VQSAir Sunshine
4%
MIAAmaszonas Uruguay
4%
BOI | MYL | SMNGem Air
4%
SJUInterCaribbean
4%
ACK | HYANantucket Airlines
4%
BLI | ESD | FHR | OTS | S31San Juan Airlines
4%
SJU | SPB | SSB | STXSeaborne Airlines
4%
ACK | BOS | HPN | MVY | SJU | STTTradewind Aviation
4%
CPX | NRR | SIG | SJU | VQSVieques Air Link
4%
AKP | BTT | CEM | CIK | CRC | CXF | FAI | FYU | KYU | MLY | MNT | RMP | SVS | TAL | WBQWarbelow's Air Ventures
4%
AET | AKP | ARC | BTT | FAI | FYU | GAL | HUS | KAL | KBC | KYU | LMA | NUL | RBY | TAL | VEEWright Air Service
4%
KOA | LUP | MKK | OGGMakani Kai Air
3%
BQNPrinair
3%
FLLSkyBahamas Airlines
3%
BKL | BNA | CLT | LUK | MBL | MDW | PDKUltimate Air Shuttle
3%
CPX | NRR | SIG | VQSAir Flamenco
2%
A29 | AHP | JNUHarris Air
2%
BFI | ESD | FBS | FHR | KEH | LKE | LPS | RCE | RSJ | WSXKenmore Air
2%
DIO | OME | WAAPathfinder Aviation
2%
HYL | KTB | MTM | WFBPromech Air
2%
ACK | DXRReliant Air
2%
STT | STXSea Flight
2%
ADQ | AKK | KOZ | OLH | ORIServant Air
2%
HOM | KEBSmokey Bay Air
2%
PPGTalofa Airways
2%
CGA | HYG | HYL | KBP | KCC | KTB | MTM | PPV | WFB | WHD | WWPTaquan Air
2%
BID | FLL | HTO | NYSTropic Ocean Airways
2%

Score Distribution

Percentile by Number Answered

Percent of People with Each Score

Your Score History

You have not taken this quiz